Derby County: The Premier League Years - Statistics

General Stats
  • This quiz has been taken 176 times
    76 since last reset
  • The average score is 9 of 27
Answer Stats
Answer % Correct
Jim Smith
91%
Paulo Wanchope
61%
Mart Poom
50%
Billy Davies
44%
Paul Jewell
41%
Igor Štimac
39%
Malcolm Christie
39%
John Gregory
37%
Dean Sturridge
33%
Robbie Savage
33%
Colin Todd
31%
Kenny Miller
31%
Rory Delap
31%
Chris Powell
30%
Darryl Powell
30%
Deon Burton
30%
Fabrizio Ravanelli
30%
Seth Johnson
30%
Chris Riggott
26%
Darren Moore
20%
Francesco Baiano
20%
Gary Rowett
19%
Jacob Laursen
17%
Matt Oakley
17%
Christian Dailly
13%
Danny Higginbotham
9%
Esteban Fuertes
2%
No matching quizzes found
Score Distribution
Percent of People with Each Score
Percentile by Number Answered
Your Score History
You have not taken this quiz since the last reset